000 01008nam a2200289 a 4500
001 52246
003 BD-RjUL
005 20211209075755.0
008 950309s1994 bg b 001 0 eng
020 _a9840512552
_c: Tk. 550.00
035 _a(BD-RjUL)52366
040 _aDLC
_cDLC
_beng
_dBD-RjUL
041 _aeng
082 0 0 _a016.3381095492
_223
_bALC 1994
100 2 _aAli, A. M. M. Shawkat
_9156282
245 1 0 _aA Comprehensive bibliography on agriculture and rural development /
_cA.M.M. Shawkat Ali, Mujibur Rahman Khan.
260 _aDhaka:
_bUniversity Press Ltd.,
_c1994.
300 _aiv, 497 p. ;
_c25 cm.
500 _aIncludes indexes.
520 _aChiefly with reference to Bangladesh.
650 0 _aAgriculture
_zBangladesh
_xBibliography.
_9156283
650 0 _aRural development
_zBangladesh
_xBibliography.
_9156284
651 0 _aBangladesh
_xImprints.
_9156285
700 1 _aKhan, Mujibur Rahman, Jt. auth.
_9156286
942 _2ddc
_cREF
999 _c52246
_d52246